书目信息 |
| 题名: |
医疗器械安全通用要求检验操作规范
|
|
| 作者: | 张志军 主编 | |
| 分册: | ||
| 出版信息: | 北京 中国医药科技出版社 2019.08 |
|
| 页数: | 400页 | |
| 开本: | 27cm | |
| 丛书名: | 中国食品药品检验检测技术系列丛书 | |
| 单 册: | ||
| 中图分类: | R194.5-65 | |
| 科图分类: | ||
| 主题词: | 医疗器械--yi liao qi xie--卫生检查--技术操作规程--中国 | |
| 电子资源: | ||
| ISBN: | 978-7-5214-1217-8 | |
| 000 | 01062nam 2200265 450 | |
| 001 | CAL 0120192851957 | |
| 005 | 20230217093111.0 | |
| 010 | @a978-7-5214-1217-8@b精装@dCNY298.00 | |
| 100 | @a20190930d2019 em y0chiy0120 ea | |
| 101 | 0 | @achi |
| 102 | @aCN@b110000 | |
| 105 | @aa z 000yy | |
| 106 | @ar | |
| 200 | 1 | @a医疗器械安全通用要求检验操作规范@Ayi liao qi xie an quan tong yong yao qiu jian yan cao zuo gui fan |
| 210 | @a北京@c中国医药科技出版社@d2019.08 | |
| 215 | @a400页@c图@d27cm | |
| 225 | 2 | @a中国食品药品检验检测技术系列丛书@Azhong guo shi pin yao pin jian yan jian ce ji shu xi lie cong shu |
| 314 | @a书内题: 张志军主编 | |
| 330 | @a本书主要内容包括: 医疗器械常用化学和生物检验技术规范、医用电气设备安全通用要求检验技术规范、医用电气设备电磁兼容要求检验技术规范。 | |
| 410 | 0 | @12001 @a中国食品药品检验检测技术系列丛书 |
| 606 | 0 | @a医疗器械@Ayi liao qi xie@x卫生检查@x技术操作规程@y中国 |
| 690 | @aR194.5-65@v5 | |
| 701 | 0 | @a张志军@Azhang zhi jun@4主编 |
| 801 | 0 | @aCN@bBJXHZP@c20230222 |
| 905 | @b1394132-4@dR194.5-65@e296@f3 | |
| 医疗器械安全通用要求检验操作规范.-北京:中国医药科技出版社,2019.08 |
| 400页:图;27cm.-(中国食品药品检验检测技术系列丛书) |
| ISBN 978-7-5214-1217-8(精装):CNY298.00 |
| 本书主要内容包括: 医疗器械常用化学和生物检验技术规范、医用电气设备安全通用要求检验技术规范、医用电气设备电磁兼容要求检验技术规范。 |
| ● |
| 相关链接 |
|
|
|
|
正题名:医疗器械安全通用要求检验操作规范
索取号:R194.5-65/296
 
预约/预借
| 序号 | 登录号 | 条形码 | 馆藏地/架位号 | 状态 | 备注 |
| 1 | 1394132 | 213941323 | 第二样本阅览室/ [索取号:R194.5-65/296] | 在馆 | |
| 2 | 1394133 | 213941332 | 第三借阅区/ [索取号:R194.5-65/296] | 在馆 | |
| 3 | 1394134 | 213941341 | 第三借阅区/ [索取号:R194.5-65/296] | 在馆 |